LEADER 02137oas 2200913 a 450 001 9911064884803321 005 20251105213014.0 011 $a1460-6976 035 $a(DE-599)ZDB1496584-7 035 $a(DE-599)1496584-7 035 $a(OCoLC)39084544 035 $a(CONSER) 00238776 035 $a(CKB)954925254116 035 $a(EXLCZ)99954925254116 100 $a19980507a19529999 sy 101 0 $aeng 135 $aur||||||||||| 181 $ctxt$2rdacontent 182 $cc$2rdamedia 183 $acr$2rdacarrier 200 10$aAdvances in physics 210 $a[London] $c[Taylor & Francis]$d1952- 215 $a1 online resource 300 $aRefereed/Peer-reviewed 311 08$a0001-8732 330 8 $a"Condensed matter physics, general physics, physical sciences, materials science, matter & solid state physics." 606 $aPhysics$vPeriodicals 606 $aPhysique$vPe?riodiques 606 $aPhysics$2fast$3(OCoLC)fst01063025 606 $aPhysik$2gnd 606 $aZeitschrift$2gnd 606 $aOnline-Ressource$2gnd 608 $aPeriodicals.$2fast 608 $aPeriodicals.$2lcgft 615 0$aPhysics 615 6$aPhysique 615 7$aPhysics. 615 7$aPhysik 615 7$aZeitschrift. 615 7$aOnline-Ressource 676 $a530.5 801 0$bF#A 801 1$bF#A 801 2$bOCL 801 2$bIUL 801 2$bEYM 801 2$bOCLCQ 801 2$bGUA 801 2$bOCLCQ 801 2$bUKMGB 801 2$bOCLCQ 801 2$bOCLCO 801 2$bOCLCQ 801 2$bTXA 801 2$bOCLCF 801 2$bOCLCO 801 2$bVT2 801 2$bOCLCQ 801 2$bDEFHM 801 2$bOCLCO 801 2$bOCLCA 801 2$bDLC 801 2$bOCLCA 801 2$bNLE 801 2$bEZC 801 2$bAU@ 801 2$bOCLCA 801 2$bSFB 801 2$bOCLCQ 801 2$bU3W 801 2$bOCLCQ 801 2$bUBY 801 2$bCNMTR 801 2$bUEJ 801 2$bOCLCQ 906 $aJOURNAL 912 $a9911064884803321 996 $aAdvances in physics$9802455 997 $aUNINA